Find countries in...#5 - Statistics

General Stats
  • This quiz has been taken 28 times
  • The average score is 5 of 8
Answers on the Map
Answers color-coded by a green-red scale on the quiz's map according to % correct below.
 
Answer Stats
Answer % Correct
Turkey
100%
Vietnam
88%
Nepal
69%
Tunisia
69%
Laos
65%
Botswana
54%
Togo
54%
Eswatini
46%
No matching quizzes found
Score Distribution
Percent of People with Each Score
Percentile by Number Answered
Your Score History
You have not taken this quiz